000 00580nam a22002057a 4500
005 20210409141115.0
008 210409b ||||| |||| 00| 0 eng d
020 _a8187606290
040 _aIN-DiNC
_cIN-DiNC
041 _deng
082 _a305.3
_bDYN
245 _aDynamics of gender planning and population:
_bissues and challenges/
_cedited by K B Datta
250 _a1st ed.
260 _aNew Delhi:
_bAkansha publishing house,
_c2002
300 _axxvii, 247p.
650 _aGender planning
650 _aPopulation
700 _aDatta, K B
_eEditor
942 _2ddc
_cBK
999 _c11179
_d11179